000 00630cam a2200241 4500
001 B2694
008 090401t1989 xxu||||| |||| 00| 0 eng d
035 _a(Sirsi) u51508
041 _aeng
050 _a050
110 _aInstitution of Civil Engineers
_91402
245 _aCurrent journals at ICE 1989: a catalogue
260 _aLondon
_bInstitution of Civil Engineers Library
_c1989
300 _aiv,153p. ; 30cm.
350 _a13.95
490 _aCatalogue
_v89/1
650 _aCATALOGUES
650 _aENGINEERING
650 _aPERIODICALS
700 _aSmillie, D.M.
_xEditor
942 _n0
948 _c04/03/1997
999 _c92909
_d92909